书目信息 |
| 题名: |
Scratch 3.0编程趣味游戏书
|
|
| 作者: | 韦恩赖特 著 ;网易有道卡搭工作室 译 | |
| 分册: | ||
| 出版信息: | 北京 人民邮电出版社 2019.07 |
|
| 页数: | 80页 | |
| 开本: | 25cm | |
| 丛书名: | 爱上编程 | |
| 单 册: | ||
| 中图分类: | TP311.1 | |
| 科图分类: | ||
| 主题词: | 程序设计--cheng xu she ji--少年读物 | |
| 电子资源: | ||
| ISBN: | 978-7-115-51236-9 | |
| 000 | 01185nam 2200289 450 | |
| 001 | 202020138945 | |
| 005 | 20200926181339.0 | |
| 010 | @a978-7-115-51236-9@dCNY49.00 | |
| 100 | @a20200916d2019 cemy0chiy50 ea | |
| 101 | 1 | @achi@ceng |
| 102 | @aCN@b110000 | |
| 105 | @aa z 001yy | |
| 106 | @ar | |
| 200 | 1 | @aScratch 3.0编程趣味游戏书@AScratch 3.0 bian cheng qu wei you xi shu@e精品编程游戏20例@f(英) 马克斯·韦恩赖特著@g网易有道卡搭工作室译 |
| 210 | @a北京@c人民邮电出版社@d2019.07 | |
| 215 | @a80页@c彩图@d25cm | |
| 225 | 2 | @a爱上编程@Aai shang bian cheng |
| 320 | @a有索引 | |
| 330 | @a本书带领孩子利用Scratch设计并制作20个趣味小游戏, 并从中学习和掌握Scratch编程知识、思维、技巧, 从而轻松入门未来人才所必需的编程技能。游戏精彩有趣, 画面生动活泼, 寓教于乐, 书后附赠词汇表, 更易于理解。 | |
| 410 | 0 | @12001 @a爱上编程 |
| 517 | 1 | @a精品编程游戏20例@Ajing pin bian cheng you xi 20 li |
| 606 | 0 | @a程序设计@Acheng xu she ji@j少年读物 |
| 690 | @aTP311.1@v5 | |
| 701 | 1 | @a韦恩赖特@Awei en lai te@g(Wainewright, Max)@4著 |
| 712 | 02 | @a网易有道卡搭工作室@Awang yi you dao ka da gong zuo shi@4译 |
| 801 | 0 | @aCN@c20190723 |
| 905 | @a河南城建学院图书馆@dTP311.1@eW511 | |
| Scratch 3.0编程趣味游戏书:精品编程游戏20例/(英) 马克斯·韦恩赖特著/网易有道卡搭工作室译.-北京:人民邮电出版社,2019.07 |
| 80页:彩图;25cm.-(爱上编程) |
| ISBN 978-7-115-51236-9:CNY49.00 |
| 本书带领孩子利用Scratch设计并制作20个趣味小游戏, 并从中学习和掌握Scratch编程知识、思维、技巧, 从而轻松入门未来人才所必需的编程技能。游戏精彩有趣, 画面生动活泼, 寓教于乐, 书后附赠词汇表, 更易于理解。 |
| ● |
| 相关链接 |
|
|
|
正题名:Scratch 3.0编程趣味游戏书
索取号:TP311.1/W511
 
预约/预借
| 序号 | 登录号 | 条形码 | 馆藏地/架位号 | 状态 | 备注 |
| 1 | 1488331 | 214883312 | 自科库301/301自科库 47排5列3层/ [索取号:TP311.1/W511] | 在馆 | |
| 2 | 1488332 | 214883321 | 自科库301/301自科库 47排5列3层/ [索取号:TP311.1/W511] | 在馆 |